[Event "AUTO-OPEN-1435"]
[Site "http://www.queenalice.com/game.php?id=537157"]
[Date "2009.2.8"]
[Round "1"]
[White "amonfre"]
[Black "BOBWINNER"]
[Result "0-1"]
[WhiteElo "1132"]
[BlackElo "1842"]

1. d3 d5 2. e4 Nf6 3. c4 e6 4. Qa4+ Bd7 5. Qb3 Be7 6. cxd5 O-O 7. f4 b6 8. e5
Nxd5 9. g3 Bc6 10. Bg2 Na6 11. f5 exf5 12. h4 Nc5 13. Qd1 Ba4 14. b3 Bb5 15. a4
Bc6 16. b4 Ne6 17. Qc2 Qd7 18. b5 Bb7 19. Nc3 Nb4 20. Qb3 Bxg2 21. Rh2 Nxd3+ 22.
Kd1 Ndc5+ 23. Qd5 Bxd5 24. Nxd5 Qxd5+ 25. Ke2 Qe4+ 26. Kd1 Qd4+ 27. Rd2 Qxa1 28.
Ne2 Qxa4+ 29. Rc2 Nb3 30. Nc3 Rad8+ 31. Bd2 Qg4+ 0-1

[Event "AUTO-OPEN-1435"]
[Site "http://www.queenalice.com/game.php?id=537158"]
[Date "2009.2.8"]
[Round "1"]
[White "BOBWINNER"]
[Black "amonfre"]
[Result "1-0"]
[WhiteElo "1838"]
[BlackElo "1205"]

1. e4 d6 2. Bd3 e6 3. Nf3 Be7 4. O-O Bf6 5. Bc4 d5 6. exd5 b6 7. Na3 Bb7 8. d3
h6 9. Bf4 exd5 10. Re1+ Ne7 11. Bb5+ c6 12. Ba4 b5 13. Bb3 g5 14. Be5 Nd7 15. d4
g4 16. Bxf6 Nxf6 17. Nh4 Rg8 18. Nf5 Ne4 19. Nxh6 Rg6 20. Nxg4 f5 21. Ne5 Rg7
22. Qh5+ Kf8 23. Qh8+ Ng8 24. Re3 f4 25. Rh3 Bc8 26. Rh7 Qf6 27. Rh6 Qxh6 28.
Qxh6 Nxh6 29. f3 Nd2 30. Nxc6 Nxb3 31. axb3 Bd7 32. Ne5 Nf5 33. c3 b4 34. cxb4
Nxd4 35. Rd1 Bh3 36. g4 Nxf3+ 37. Nxf3 Rxg4+ 38. Kf2 a5 39. Ne5 Rg2+ 40. Kf3
axb4 41. Nb5 1-0

[Event "AUTO-OPEN-1435"]
[Site "http://www.queenalice.com/game.php?id=537159"]
[Date "2009.2.8"]
[Round "1"]
[White "amonfre"]
[Black "fabianorov"]
[Result "0-1"]
[WhiteElo "1500"]
[BlackElo "1500"]

1. d3 c5 2. c4 Nc6 3. Qd2 Nf6 4. b3 e5 5. Bb2 d6 6. Nf3 Bg4 7. d4 Bxf3 8. gxf3
cxd4 9. f4 Be7 10. fxe5 dxe5 11. e3 Bb4 12. Nc3 Bxc3 13. Bxc3 dxc3 14. Qxc3 Ne4
15. Qc2 Qd2+ 16. Qxd2 Nxd2 17. Kxd2 O-O-O+ 18. Ke1 Nb4 19. Bh3+ Kc7 20. Rf1 Nc2+
21. Ke2 Nxa1 22. Rxa1 g6 23. a4 f5 24. f4 Rhe8 25. b4 exf4 26. Ra3 Rxe3+ 27.
Rxe3 fxe3 28. Kxe3 Kd6 29. c5+ Ke5 30. a5 Rd4 31. b5 f4+ 32. Kf3 Rc4 33. b6 a6
34. Bg2 Rxc5 35. Kg4 Rxa5 36. Bxb7 Rb5 37. Bxa6 Rxb6 38. Bd3 Rf6 39. h4 f3 40.
h5 gxh5+ 41. Kxh5 f2 42. Bf1 Ke4 43. Kg5 Rd6 44. Kh5 Rd1 45. Bg2+ Ke3 0-1

[Event "AUTO-OPEN-1435"]
[Site "http://www.queenalice.com/game.php?id=537161"]
[Date "2009.2.8"]
[Round "1"]
[White "amonfre"]
[Black "jacques"]
[Result "0-1"]
[WhiteElo "1280"]
[BlackElo "1669"]

1. d3 e5 2. e3 d5 3. d4 e4 4. f3 Nf6 5. c4 exf3 6. Qxf3 Bg4 7. Qf4 Bd6 8. Qg5
Bb4+ 9. Nc3 g6 10. cxd5 Bxc3+ 11. bxc3 h6 12. Qe5+ Qe7 13. Bb5+ c6 14. h3 Qxe5
15. dxe5 Nxd5 16. Bb2 Bf5 17. Rd1 Nxe3 18. Rd2 Be4 19. Bf1 Nd5 20. c4 Ne3 21.
Nf3 O-O 22. Bd3 Bxd3 23. Rxd3 Nxg2+ 24. Kf2 Nf4 25. Rb3 Na6 26. Rxb7 Nc5 27. Ba3
Nxb7 28. Bxf8 Kxf8 29. Ke3 g5 30. h4 Ng2+ 31. Kf2 Nxh4 32. Nxh4 gxh4 33. Rxh4
Kg7 34. Rg4+ Kh7 35. Rf4 Nd8 36. Ke3 Rb8 37. Rd4 Kg7 38. Ke4 c5 39. Rd5 Ne6 0-1

[Event "AUTO-OPEN-1435"]
[Site "http://www.queenalice.com/game.php?id=537162"]
[Date "2009.2.8"]
[Round "1"]
[White "jacques"]
[Black "amonfre"]
[Result "1-0"]
[WhiteElo "1663"]
[BlackElo "1343"]

1. e4 d6 2. d4 e5 3. dxe5 dxe5 4. Qxd8+ Kxd8 5. Nf3 Nf6 6. Nxe5 Nbd7 7. Nxf7+
Ke8 8. Nxh8 Nxe4 9. Bd3 Nec5 10. Bxh7 Ne5 11. O-O b5 12. Re1 Bd6 13. Bg6+ Kf8
14. Bf4 Nxg6 15. Nxg6+ Kf7 16. Nh8+ Kf6 17. Bxd6 cxd6 18. Re8 Ne6 19. Nc3 Nc7
20. Rf8+ Ke7 21. Rf7+ Kd8 22. Re1 Be6 23. Rf8+ Kd7 24. Rxa8 Nd5 25. Rxa7+ Nc7
26. Nxb5 1-0

[Event "Let's Play Chess!"]
[Site "http://www.queenalice.com/game.php?id=538965"]
[Date "2009.2.12"]
[Round "-"]
[White "didier19"]
[Black "amonfre"]
[Result "1-0"]
[WhiteElo "1500"]
[BlackElo "1300"]

1. e4 h5 2. d4 Rh6 3. Bxh6 gxh6 4. Qxh5 Nf6 5. Qd1 Nxe4 6. Bd3 d5 7. Nf3 c5 8.
O-O Bg4 9. Be2 Bg7 10. Ne5 Bxe2 11. Qxe2 cxd4 12. Nd3 Nc6 13. f3 Ng5 14. Nd2 e5
15. a3 Qe7 16. Rfe1 f5 17. Nb3 e4 18. Nf4 exf3 19. Qxe7+ Nxe7 20. Nxd5 Ne4 21.
Nxe7 fxg2 22. Kxg2 b5 23. Nxf5 Be5 24. Rxe4 1-0

[Event "Challenge1"]
[Site "http://www.queenalice.com/game.php?id=538977"]
[Date "2009.2.12"]
[Round "-"]
[White "DDK"]
[Black "amonfre"]
[Result "1-0"]
[WhiteElo "1556"]
[BlackElo "1331"]

1. e4 e6 2. Nf3 g6 3. b3 Bg7 4. c3 d5 5. exd5 exd5 6. d4 c5 7. Bd3 Qe7+ 8. Be3
cxd4 9. cxd4 Nc6 10. O-O f5 11. Re1 Nb4 12. Bg5 Be6 13. Bxe7 Kxe7 14. Rxe6+ Kxe6
15. Qe1+ Kf7 16. Qxb4 Nh6 17. Qxb7+ Kf6 18. Qxd5 Rhe8 19. Qc6+ Ke7 20. Nc3 Rec8
21. Re1+ Kf8 22. Qe6 Rxc3 23. Bc4 Rxc4 24. Qxc4 Nf7 25. Ne5 Nxe5 26. dxe5 Re8
27. e6 Bf6 28. Qc7 Re7 29. Qd8+ Kg7 30. Rd1 Rxe6 31. Qc7+ Kf8 32. Qc8+ Re8 33.
Qc7 Be5 34. Qxh7 Bc3 35. Qxg6 f4 36. h4 a5 37. Rd7 Re7 38. Qf5+ Ke8 39. Rxe7+
Kxe7 40. Qxf4 Ke6 41. Qc4+ 1-0

[Event "Challenge"]
[Site "http://www.queenalice.com/game.php?id=544791"]
[Date "2009.2.22"]
[Round "-"]
[White "HardCorePawn"]
[Black "amonfre"]
[Result "1-0"]
[WhiteElo "1194"]
[BlackElo "1205"]

1. g4 e6 2. Nf3 b6 3. h4 Bb7 4. Rh3 h6 5. b3 g6 6. c4 f5 7. Rg3 Bd6 8. Rh3 fxg4
9. Nd4 gxh3 10. Bxh3 Bc5 11. Bb2 Qf6 12. e3 e5 13. Nb5 Na6 14. d4 Bf3 15. Qd2
Nb4 16. Nxc7+ 1-0

[Event "Let's Play Chess!"]
[Site "http://www.queenalice.com/game.php?id=545204"]
[Date "2009.2.23"]
[Round "-"]
[White "pauldavidkrewson"]
[Black "amonfre"]
[Result "1-0"]
[WhiteElo "1442"]
[BlackElo "1310"]

1. h4 e5 2. g3 Qf6 3. f4 Bc5 4. e3 exf4 5. gxf4 h6 6. Nf3 b6 7. Rg1 Bb7 8. d4
Bxf3 9. Qxf3 Qxh4+ 10. Ke2 Qh2+ 11. Rg2 Qh4 12. Qxa8 Qd8 13. dxc5 a6 14. cxb6
Nf6 15. Rxg7 Nc6 16. b7 Rg8 17. Rxg8+ Nxg8 18. Bg2 Nb8 19. Nc3 c6 20. Bd2 d5 21.
Rg1 Nf6 22. e4 dxe4 23. Nxe4 Nxe4 24. Bxe4 c5 25. Rg8+ 1-0

[Event "Challenge"]
[Site "http://www.queenalice.com/game.php?id=551840"]
[Date "2009.3.7"]
[Round "-"]
[White "ConorF"]
[Black "amonfre"]
[Result "1-0"]
[WhiteElo "1488"]
[BlackElo "1279"]

1. d4 b6 2. Nc3 Bb7 3. e4 e6 4. Nf3 d5 5. Ne5 dxe4 6. f3 Bd6 7. fxe4 f5 8. Bc4
fxe4 9. Bxe6 Qf6 10. Qg4 h5 11. Qg6+ Qxg6 12. Nxg6 Rh6 13. Bxh6 Nxh6 14. O-O-O
c5 15. d5 Na6 16. Rde1 Nc7 17. Rxe4 Ng4 18. Bxg4+ Be7 19. Bxh5 Nxd5 20. Nxe7+
Kf8 21. Rf1+ Nf6 22. Ncd5 Bxd5 23. Nxd5 Kg8 24. Nxf6+ 1-0

[Event "Challenge"]
[Site "http://www.queenalice.com/game.php?id=556061"]
[Date "2009.3.14"]
[Round "-"]
[White "amonfre"]
[Black "carina"]
[Result "0-1"]
[WhiteElo "1261"]
[BlackElo "1258"]

1. e3 e5 2. Bc4 Qe7 3. b3 d6 4. Qf3 Nh6 5. a4 a5 6. c3 Nc6 7. Bd5 Bd7 8. d4 Nd8
9. b4 c6 10. Bb3 d5 11. e4 exd4 12. c4 b5 13. cxd5 axb4 14. Na3 cxd5 15. Bxd5
Rxa4 16. Bxh6 Qc5 17. Bxg7 Bxg7 18. Qg3 Bf6 19. Qb8 Qc3+ 20. Ke2 Qxa1 21. Bxf7+
Kxf7 0-1

[Event "Challenge"]
[Site "http://www.queenalice.com/game.php?id=557711"]
[Date "2009.3.18"]
[Round "-"]
[White "frrocha"]
[Black "amonfre"]
[Result "1-0"]
[WhiteElo "1336"]
[BlackElo "1228"]

1. e4 e6 2. Nf3 Bd6 3. Nc3 b6 4. a4 Bb7 5. Bc4 f5 6. d3 Nf6 7. Bg5 Ba6 8. h3
fxe4 9. Nxe4 b5 10. axb5 Bb7 11. Bxf6 gxf6 12. h4 f5 13. Neg5 h6 14. Nh3 Rg8 15.
Nd4 Rxg2 16. Rg1 Qxh4 17. Rxg2 Bxg2 18. Ng1 Bd5 19. Bxd5 exd5 20. Nxf5 1-0

[Event "Challenge"]
[Site "http://www.queenalice.com/game.php?id=562360"]
[Date "2009.3.27"]
[Round "-"]
[White "corbe"]
[Black "amonfre"]
[Result "1-0"]
[WhiteElo "1238"]
[BlackElo "1176"]

1. e4 e6 2. f4 Bc5 3. g3 h6 4. Bc4 g5 5. f5 b6 6. fxe6 Qf6 7. Nh3 g4 8. exf7+
Kf8 9. Qxg4 Ne7 10. d3 h5 11. Qe2 Bb7 12. Rf1 Qe5 13. Nd2 d5 14. c3 d4 15. Nf3
Qf6 16. Nfg5 Qd6 17. Ne6+ Qxe6 18. Bxe6 dxc3 19. bxc3 Rh6 20. Bxh6# 1-0

[Event "Challenge"]
[Site "http://www.queenalice.com/game.php?id=564328"]
[Date "2009.3.31"]
[Round "-"]
[White "amonfre"]
[Black "PioDeCuritiba"]
[Result "0-1"]
[WhiteElo "1153"]
[BlackElo "1203"]

1. e3 e6 2. b3 b6 3. g3 Bb7 4. f3 Nf6 5. Bg2 g6 6. Qe2 Bg7 7. f4 d5 8. c4 O-O 9.
Nc3 Ne4 10. Qd3 f5 11. g4 Qf6 12. g5 Nc5 13. Qc2 Qd8 14. b4 Ne4 15. d3 Bxc3+ 16.
Bd2 Bxa1 17. dxe4 dxe4 18. Bc3 Bxc3+ 19. Qxc3 Qd6 20. c5 bxc5 21. bxc5 Qd7 22.
Qb4 Rd8 23. Qxb7 Qd1+ 24. Kf2 Rd2+ 0-1

[Event "Challenge"]
[Site "http://www.queenalice.com/game.php?id=589178"]
[Date "2009.5.16"]
[Round "-"]
[White "Elegua"]
[Black "amonfre"]
[Result "1-0"]
[WhiteElo "1539"]
[BlackElo "1132"]

1. e4 e6 2. Nf3 g6 3. d4 Bg7 4. e5 b6 5. Bb5 c5 6. dxc5 bxc5 7. O-O Ba6 8. Bxa6
Nxa6 9. Re1 c4 10. c3 d5 11. Nd4 Nc5 12. Bg5 f6 13. exf6 Bxf6 14. Nxe6 Qe7 15.
Nc7+ Kd7 16. Rxe7+ Bxe7 17. Nxa8 Bxg5 18. Qxd5+ Kc8 19. Qxc5+ Kb8 20. Qxg5 Kxa8
21. Qd8+ Kb7 22. Nd2 1-0

[Event "Round 1"]
[Site "http://www.queenalice.com/game.php?id=589619"]
[Date "2009.5.17"]
[Round "-"]
[White "Mr_SPOCK"]
[Black "amonfre"]
[Result "0-1"]
[WhiteElo "1523"]
[BlackElo "1132"]

1. e4 e6 2. e5 Bc5 3. d4 Bb6 4. Nf3 d6 5. Bg5 f6 6. exf6 gxf6 7. Bh4 e5 8. dxe5
Bg4 9. Be2 Nd7 10. exf6 Ndxf6 11. O-O Nh6 12. Qd3 Bf5 13. Qb5+ c6 14. Qa4 Nhg4
15. Qb3 Bxf2+ 16. Bxf2 Nxf2 17. Rxf2 Ne4 18. Qe3 Qe7 19. Qh6 Nxf2 20. Nc3 Rf8
21. Ng5 Qf6 22. Bh5+ Bg6 23. Re1+ Kd7 24. Re6 Qd4 25. Rxd6+ Kxd6 26. h3 Nxh3+
27. Kh2 Nxg5 28. Qxg5 Rf5 29. Qg3+ Re5 30. Bxg6 Rg8 31. Qh4 Qxh4+ 32. Kg1 Re1#
0-1

[Event "Round 2 :("]
[Site "http://www.queenalice.com/game.php?id=592087"]
[Date "2009.5.22"]
[Round "-"]
[White "amonfre"]
[Black "Mr_SPOCK"]
[Result "1-0"]
[WhiteElo "1173"]
[BlackElo "1548"]

1. e3 e5 2. Bc4 d5 3. Bb3 Nc6 4. c4 d4 5. c5 Bxc5 6. Qf3 Nf6 7. Nh3 Bg4 8. Qg3
Qd7 9. f3 O-O-O 10. Ng5 dxe3 11. Nxf7 Qf5 12. fxg4 exd2+ 13. Bxd2 Ne4 14. Qf3
Bf2+ 15. Kd1 Rxd2+ 16. Nxd2 Qd7 17. Qxe4 Re8 18. Rf1 Qxf7 19. Bxf7 Bd4 20. Bxe8
Bxb2 21. Bxc6 Bxa1 22. Rf8# 1-0

[Event "Round 3 :(("]
[Site "http://www.queenalice.com/game.php?id=595675"]
[Date "2009.5.30"]
[Round "-"]
[White "Mr_SPOCK"]
[Black "amonfre"]
[Result "1-0"]
[WhiteElo "1533"]
[BlackElo "1212"]

1. e4 e6 2. e5 Bc5 3. d4 Bb6 4. Nf3 c5 5. Bg5 f6 6. exf6 Nxf6 7. Bd3 Ba5+ 8. c3
Qb6 9. Qd2 Nd5 10. O-O Nc6 11. Na3 cxd4 12. Nc4 Qc5 13. Rab1 dxc3 14. bxc3 Bxc3
15. Qc2 Bf6 16. Bxh7 Nd4 17. Qg6+ Kd8 18. Rbc1 Nxf3+ 19. gxf3 Ne7 20. Bxf6 gxf6
21. Qxf6 Rxh7 22. Qf8+ Kc7 23. Ne5 Qxc1 24. Rxc1+ Nc6 25. Qg8 Rh5 26. Ng4 b6 27.
Nf6 Bb7 28. Qg3+ d6 29. Nxh5 b5 30. Qg7+ Kb6 31. a4 b4 32. Qg5 e5 33. Nf6 Bc8
34. Nd5+ Kb7 35. Qg7+ Ka6 36. Nc7+ Kb7 37. Nxa8+ Kxa8 38. Rxc6 Bb7 39. Qf8+ Bc8
40. Qxc8# 1-0

[Event ";)"]
[Site "http://www.queenalice.com/game.php?id=597020"]
[Date "2009.6.1"]
[Round "-"]
[White "amonfre"]
[Black "Mr_SPOCK"]
[Result "0-1"]
[WhiteElo "1208"]
[BlackElo "1529"]

1. g3 e5 2. Bg2 d5 3. e4 d4 4. c3 Nf6 5. f4 d3 6. fxe5 Bg4 7. Bf3 Bxf3 8. Qxf3
Nc6 9. exf6 Ne5 10. Qf5 gxf6 11. Nf3 h5 12. Nxe5 Be7 0-1